000 01172nac a22003617a 4500
001 BR2012005306
003 BR-BrBNA
005 20240105123941.0
008 230509b bl.|||m| |||| 00| 0 por d
040 _aBR-BrBNA
_bpor
_cBiblioteca Nacional de Agricultura
072 _aF08; F01
090 _a1910 BR2012005306
100 1 _aCórdova, U. de A.
100 1 _aPrestes, N.E.
100 1 _aPessoa, N.S.
100 1 _aAlmeida, E.X. de
100 1 _aKölling, A.
100 1 _aLopes Filho, A. de A.
110 1 _aEmpresa de Pesquisa Agropecuária e Extensão Rural de Santa Catarina S.A., Florianópolis (Brasil)
245 1 _aImplantação de pastagens perenes
260 3 _aFlorianópolis, SC (Brasil):
_c2012.
300 _a46 p.
490 _aBoletim Didático - Empresa de Pesquisa Agropecuária e Extensão Rural de Santa Catarina S.A. (Brazil)
_vno. 85
_xISSN 1414-5219
500 _a20 illus.; 28 ref.
650 _aPASTAGEM
650 _aPLANTA FORRAGEIRA
650 _aPRODUÇÃO
650 _aLEITE
650 _aFORRAGEM
650 _aPRÁTICA CULTURAL
909 _a202312
_bLúcia Elande
_c55
_dLúcia Elande
942 _2AGRIS
_n0
_cMS
999 _c297691
_d297691